[Event "I Maxistral Compostela 2018"]
[Site "Santiago Compostela"]
[Date "2018.09.05"]
[Round "1"]
[White "Mareco, Sandro"]
[Black "Starostits, Ilmars"]
[Result "1-0"]
[WhiteElo "2649"]
[BlackElo "2449"]
[Annotator "TA"]
[PlyCount "83"]
[EventDate "2018.09.05"]
[EventType "tourn"]
[EventCountry "ESP"]
[SourceTitle "playchess.com"]
[Source "ChessBase"]
[SourceQuality "1"]

{[%evp 9,83,-9,4,0,-2,14,30,30,24,35,50,32,41,41,162,132,156,145,121,82,193,191,268,277,250,231,211,187,202,180,314,316,307,267,287,271,216,180,181,184,176,166,160,144,148,131,198,196,197,168,481,532,500,366,568,370,488,513,512,480,409,417,729,744,828,844,750,731,1348,1348,1347,1416,1177,1165,1035,1024]} 1. e4 c5 2. Nf3 Nc6 3. Bb5 Qb6 4. a4 a6 5. Bc4 (5. Bxc6 Qxc6 6. Nc3 e6 7. O-O d6 8. d4 cxd4 9. Nxd4 Qc7 10. Bg5 Be7 11. Bxe7 Qxe7 12. Re1 e5 {1-0 (47) Wolff,P (2590)-Polgar,Z (2540) New York 1992}) 5... e6 6. O-O {B30: Sicilian: 2...Nc6 3 Bb5, lines without ...g6} Nf6 7. Re1 Qc7 8. c3 {White has an edge.} Be7 9. e5 $146 ({Predecessor:} 9. Na3 O-O 10. d4 d5 11. e5 dxc4 12. exf6 Bxf6 13. Nxc4 cxd4 14. cxd4 Nxd4 15. Nxd4 Qxc4 {0-1 (23) Leseticky,V-Fischer,G (1969) Plzen 2010}) 9... Ng4 {[%cal Rc6e5]} 10. d4 cxd4 11. cxd4 {aiming for h3.} Ncxe5 (11... d5 $14 12. Bd3 Bd7) 12. dxe5 $18 {Strongly threatening Nbd2.} Qxc4 13. h3 Nh6 14. Nc3 Nf5 {[#]} (14... b5 $16) 15. g4 $1 {[%cal Rg4f5]} Nh4 (15... Nh6 $142 16. Bg5 Bxg5 17. Nxg5 Qf4) 16. Nxh4 Bxh4 17. Re4 Qc5 18. Be3 {[%mdl 1024] White has strong compensation.} Qe7 19. Rc4 {Hoping for Ne4.} Qd8 (19... d5 $142 20. exd6 Qd8) 20. Ne4 {And now Nd6+ would win.} Be7 21. a5 O-O {[#]} 22. Bb6 $1 {[%cal Rb6d8]} Qe8 23. Rac1 f5 24. Nd6 $36 {[%mdl 2048] White is really pushing.} Bxd6 25. exd6 ({Don't play} 25. Qxd6 $6 Qg6 $16) 25... fxg4 26. hxg4 Qg6 27. R1c3 Qf7 (27... h6 $16 28. b4 Kh7) 28. Qc1 Qe8 29. Rf4 e5 $2 (29... Rxf4 30. Qxf4 Qg6) 30. Rxf8+ Qxf8 31. Qd1 Qf7 (31... Qf4 {is a better defense.} 32. Qe2 h6) 32. Qc2 Qe6 33. Rxc8+ Rxc8 34. Qxc8+ Kf7 35. f3 h5 (35... Qxd6 $142 36. Qxb7 Qd3) 36. gxh5 {White is clearly winning.} Qxd6 37. Qxb7 Qd1+ 38. Kg2 Qd2+ 39. Bf2 Qg5+ 40. Bg3 Qd2+ 41. Kh3 Qd1 42. Bxe5 {Precision: White = 99%, Black = 24%.} 1-0

[Event "I Maxistral Compostela 2018"]
[Site "Santiago Compostela"]
[Date "2018.09.05"]
[Round "1"]
[White "Reinaldo Castineira, Roi"]
[Black "Suarez Pousa, Diego"]
[Result "1-0"]
[WhiteElo "2493"]
[BlackElo "2412"]
[Annotator "RC"]
[PlyCount "111"]
[EventDate "2018.09.05"]
[EventType "tourn"]
[EventCountry "ESP"]
[SourceTitle "playchess.com"]
[Source "ChessBase"]
[SourceQuality "1"]
[TimeControl "5400+30"]

1. d4 {[%emt 0:00:00]} Nf6 {[%emt 0:00:00]} 2. c4 {[%emt 0:00:55]} e6 {[%emt 0:00:00]} 3. Nc3 {[%emt 0:00:19]} Bb4 {[%emt 0:00:17]} 4. f3 {[%emt 0:00:18]} c5 {[%emt 0:00:48]} 5. d5 {[%emt 0:00:15]} d6 {[%emt 0:01:17]} 6. e4 {[%emt 0:01:18]} Bxc3+ {[%emt 0:00:55]} 7. bxc3 {[%emt 0:00:13]} e5 {[%emt 0:00:23]} 8. Bd3 {[%emt 0:12:40]} Nh5 {[%emt 0:05:03]} 9. Ne2 {[%emt 0:10:13]} O-O {[%emt 0:04:22]} 10. g4 {[%emt 0:13:55]} Qh4+ {[%emt 0:03:53]} 11. Kf1 {[%emt 0:00:05]} Nf6 {[%emt 0:16:02]} 12. Kg2 {[%emt 0:05:35]} g6 {[%emt 0:06:03]} 13. Be3 {[%emt 0:14:18]} Ne8 {[%emt 0:03:08]} 14. Qd2 {[%emt 0:00:48]} Qe7 {[%emt 0:02:23]} 15. Ng3 {[%emt 0:00:31]} Ng7 {[%emt 0:01:42]} 16. Bh6 {[%emt 0:03:56]} f6 {[%emt 0:05:51]} 17. Kf2 {[%emt 0:02:29]} Rf7 {[%emt 0:02:29]} 18. Rag1 {[%emt 0:00:07]} Kf8 {[%emt 0:07:52]} 19. Nf5 {[%emt 0:09:33]} gxf5 {[%emt 0:06:31]} 20. gxf5 {[%emt 0:00:03]} Ke8 {[%emt 0:04:20]} 21. Bxg7 {[%emt 0:01:20]} Rxg7 {[%emt 0:03:13]} 22. Qh6 {[%emt 0:00:03]} Rf7 {[%emt 0:03:28]} 23. Rg8+ {[%emt 0:00:05]} Kd7 {[%emt 0:06:20]} 24. Rhg1 {[%emt 0:00:05]} Kc7 {[%emt 0:02:14]} 25. R1g7 {[%emt 0:00:51]} Kb6 {[%emt 0:04:04]} 26. Rxf7 {[%emt 0:03:04]} Qxf7 {[%emt 0:00:07]} 27. Rxc8 {[%emt 0:00:08]} a5 {[%emt 0:04:21]} 28. Qf8 {[%emt 0:09:50]} Qxf8 {[%emt 0:01:34]} 29. Rxf8 {[%emt 0:00:03]} Kc7 {[%emt 0:00:14]} 30. Rxf6 {[%emt 0:00:47]} Nd7 {[%emt 0:00:41]} 31. Rf7 {[%emt 0:00:07]} Kd8 {[%emt 0:03:10]} 32. f6 {[%emt 0:03:43]} Ra6 {[%emt 0:00:51]} 33. Bf1 {[%emt 0:00:05]} Ke8 {[%emt 0:00:46]} 34. Re7+ {[%emt 0:02:36]} Kd8 {[%emt 0:00:06]} 35. Rxh7 {[%emt 0:00:10]} Nxf6 {[%emt 0:00:25]} 36. Rxb7 {[%emt 0:00:09]} Nh5 {[%emt 0:00:49]} 37. Bh3 {[%emt 0:00:39]} Nf4 {[%emt 0:00:48]} 38. Bg4 {[%emt 0:00:30]} Ke8 {[%emt 0:01:29]} 39. h4 {[%emt 0:01:16]} Kf8 {[%emt 0:00:11]} 40. h5 {[%emt 0:00:17]} Kg8 {[%emt 0:00:52]} 41. h6 {[%emt 0:01:17]} Ra8 {[%emt 0:00:19]} 42. Bf5 {[%emt 0:00:29]} Rd8 {[%emt 0:00:21]} 43. a4 {[%emt 0:01:04]} Kh8 {[%emt 0:01:16]} 44. Ke1 {[%emt 0:02:49]} Ng2+ {[%emt 0:00:15]} 45. Kd2 {[%emt 0:00:26]} Nh4 {[%emt 0:00:09]} 46. Bg4 {[%emt 0:01:04]} Rf8 {[%emt 0:00:31]} 47. Ra7 {[%emt 0:00:44]} Nxf3+ {[%emt 0:00:52]} 48. Bxf3 {[%emt 0:00:53]} Rxf3 {[%emt 0:00:07]} 49. Rxa5 {[%emt 0:00:02]} Rh3 {[%emt 0:00:33]} 50. Ra8+ {[%emt 0:00:22]} Kh7 {[%emt 0:00:10]} 51. Rd8 {[%emt 0:00:02]} Rxh6 {[%emt 0:01:08]} 52. a5 {[%emt 0:00:01]} Rh2+ {[%emt 0:00:12]} 53. Kd3 {[%emt 0:00:11]} Rh3+ {[%emt 0:01:01]} 54. Kc2 {[%emt 0:00:04]} Rh2+ {[%emt 0:00:29]} 55. Kb3 {[%emt 0:00:06]} Rh1 {[%emt 0:00:33]} 56. Rxd6 {[%emt 0:00:43]} 1-0

[Event "I Maxistral Compostela 2018"]
[Site "Santiago Compostela"]
[Date "2018.09.05"]
[Round "1"]
[White "Suarez Garcia, Carlos"]
[Black "Suarez Gomez, Julio"]
[Result "1/2-1/2"]
[WhiteElo "2469"]
[BlackElo "2446"]
[Annotator "TA"]
[PlyCount "28"]
[EventDate "2018.09.05"]
[EventType "tourn"]
[EventCountry "ESP"]
[SourceTitle "playchess.com"]
[Source "ChessBase"]
[SourceQuality "1"]

{[%evp 19,28,11,25,11,29,29,28,25,29,6,22]} 1. g3 Nf6 2. Bg2 e6 3. Nf3 b6 4. c4 Bb7 5. O-O g6 6. Qc2 {A15: English Opening: 1...Nf6} (6. d4 Bg7 7. Nc3 O-O 8. d5 exd5 9. cxd5 Re8 10. Nd4 c5 11. dxc6 dxc6 12. Bf4 Nh5 13. Be3 Qd7 14. Nb3 Qe7 15. Qd2 Nd7 {0-1 (70) Inarkiev,E (2732)-Hou,Y (2658) Petropavlovsk Kamchatsky 2016}) 6... Bg7 7. Nc3 d5 8. cxd5 exd5 9. d4 O-O 10. Bf4 Na6 {LiveBook: 15 Games} 11. a3 $146 ({Predecessor:} 11. Rfd1 Qe7 12. Rac1 Rfd8 13. a3 c5 14. dxc5 Nxc5 {1-0 (30) Munoz,L (2439)-Infante Guerrero,M (2275) Santo Domingo 2015}) 11... Qe7 12. Be5 Rfd8 13. Rad1 c5 14. Rfe1 Nc7 1/2-1/2

[Event "I Maxistral Compostela 2018"]
[Site "Santiago Compostela"]
[Date "2018.09.05"]
[Round "1"]
[White "Medarde Santiago, Luis Marcos"]
[Black "Peralta, Fernando"]
[Result "1/2-1/2"]
[WhiteElo "2341"]
[BlackElo "2569"]
[Annotator "TA"]
[PlyCount "96"]
[EventDate "2018.09.05"]
[EventType "tourn"]
[EventCountry "ESP"]
[SourceTitle "playchess.com"]
[Source "ChessBase"]
[SourceQuality "1"]

{[%evp 35,96,16,18,0,7,0,26,0,27,0,0,0,0,0,19,0,0,0,4,0,2,0,0,0,0,-6,0,0,0,-6,0,0,0,0,0,-13,-24,-29,-28,-28,-27,-29,0,-10,0,-6,-6,-6,-6,-6,-6,-6,0,0,17,0,0,0,0,-8,0,0,0]} 1. e4 c6 2. d4 d5 3. Nc3 dxe4 4. Nxe4 Bf5 5. Ng3 Bg6 6. h4 h6 7. Nf3 Nd7 8. h5 Bh7 9. Bd3 Bxd3 10. Qxd3 e6 11. Bd2 Ngf6 12. O-O-O Be7 13. Ne4 Nxe4 14. Qxe4 Nf6 {B19: Classical Caro-Kann: 4...Bf5 main line} 15. Qd3 c5 16. Qb5+ Qd7 17. Qxd7+ Nxd7 18. Be3 cxd4 {LiveBook: 9 Games} 19. Nxd4 a6 20. Nb3 $146 ({Predecessor:} 20. Kb1 Rc8 21. f3 Nf6 22. g4 {0-1 (88) Misiano,F (2311)-Svane,R (2531) Biel 2015}) 20... Rc8 21. f3 Rc7 22. Rhe1 Nf6 23. g4 O-O 24. Bf4 Rc4 25. Be5 b5 26. Na5 Rcc8 {White must now prevent ...Bb4.} 27. Bd6 Rfe8 28. Re2 Kf8 29. Be5 Nd5 30. Nb7 Rc6 31. Na5 Rcc8 32. Nb7 Ra8 33. Kb1 Ra7 34. Na5 Rc8 35. Nb3 b4 36. Nd4 Rd7 37. Red2 Rb7 {[#] And now ...Nc3+! would win.} 38. Rd3 Kg8 39. Nf5 {The position is equal.} Bf8 40. Nd6 Bxd6 $1 41. Bxd6 Rb6 42. Bg3 Rbc6 43. R1d2 Rc4 44. Rd4 f6 45. Bf2 Kf7 46. Rxc4 Rxc4 47. Rd4 Rc6 48. Kc1 g6 {Precision: White = 54%, Black = 56%.} 1/2-1/2

[Event "I Maxistral Compostela 2018"]
[Site "Santiago Compostela"]
[Date "2018.09.05"]
[Round "1"]
[White "Sanchez Aller, Fernando"]
[Black "Manolache, Marius"]
[Result "0-1"]
[WhiteElo "2335"]
[BlackElo "2508"]
[Annotator "TA"]
[PlyCount "108"]
[EventDate "2018.09.05"]
[EventType "tourn"]
[EventCountry "ESP"]
[SourceTitle "playchess.com"]
[Source "ChessBase"]
[SourceQuality "1"]

{[%evp 9,108,36,66,54,89,44,50,16,67,68,89,95,100,91,133,122,121,100,135,132,152,118,221,175,181,177,177,80,109,112,111,101,102,98,118,-58,-63,-73,-53,-133,-107,-151,-72,-110,-158,-184,-187,-193,-133,-308,-308,-308,-308,-308,-308,-308,-308,-307,-307,-307,-284,-308,-106,-424,-418,-410,-410,-688,-683,-640,-610,-5652,-5618,-1491,-1690,-5093,-12792,-7100,-5286,-29979,-29980,-29980,-29981,-29982,-29983,-29983,-29983,-29983,-29983,-29983,-29984,-29985,-29985,-29986,-29987,-29987,-29988,-29991,-29992,-29992,-29991]} 1. e4 d6 2. d4 Nf6 3. Nc3 g6 4. Be3 a6 5. h4 (5. h3 Bg7 6. Nf3 O-O 7. a4 Nc6 8. Be2 e6 9. O-O b6 10. d5 exd5 11. exd5 Ne7 12. Bc4 Bb7 13. Qd2 Nf5 14. Bf4 Qd7 15. Rfe1 Rfe8 16. Rxe8+ Rxe8 17. Re1 Rxe1+ 18. Qxe1 {½-½ (63) Caruana,F (2799)-Grischuk,A (2782) Saint Louis 2017}) 5... h6 $146 ({Predecessor:} 5... Bg7 6. f3 b5 7. Qd2 Bb7 8. O-O-O h5 9. e5 dxe5 10. dxe5 Qxd2+ 11. Bxd2 Nh7 12. e6 fxe6 13. Bd3 Nf8 14. Nh3 {½-½ (35) Kubicki,T (2439)-Nyvlt,Z (2429) ICCF email 2016}) 6. Be2 {B07: Pirc Defence: Miscellaneous Systems} e5 7. Nf3 Nbd7 8. Nd2 {White is slightly better.} Bg7 (8... exd4 $1 $11 9. Bxd4 c5 10. Bxf6 Nxf6) 9. d5 $14 Nb6 10. h5 Bd7 11. a4 {[%cal Ba2a4,Ba4a5][%mdl 32]} Qe7 12. a5 Nc8 13. Na4 O-O 14. c4 Qe8 15. Nc3 Nh7 (15... Nxh5 $16 {keeps fighting.} 16. Bxh5 f5) 16. Nf1 Ne7 17. hxg6 fxg6 18. Bg4 (18. c5 $18) 18... Bxg4 19. Qxg4 h5 20. Qe2 Nf6 21. Nh2 c6 22. Ra4 $2 {[#]} (22. Nf3 $16) 22... Nxe4 $1 $15 {[%mdl 512]} 23. Nxe4 cxd5 24. Nc3 (24. Rb4 $1 $15 dxe4 25. Rxb7) 24... d4 $36 {[%mdl 2048] Black is on the roll.} 25. Rb4 dxc3 ({Black should play} 25... Nc6 26. Rb6 dxc3 27. bxc3 e4) 26. O-O Nc6 {[%cal Be7c6,Bc6a5,Ba5c4][%mdl 32]} 27. Rxb7 Nxa5 28. Rb6 {[#]} cxb2 ({Better is} 28... Qe6 $1 $19 {...cxb2 is the strong threat.} 29. b3 Rfb8) 29. Qxb2 $2 (29. Rxb2 $17 Qe6 30. Rb4) 29... Nxc4 $19 30. Qa2 d5 31. Rxa6 Nxe3 32. fxe3 Rxf1+ 33. Nxf1 Rxa6 34. Qxa6 Qf7 35. e4 Kh7 $2 (35... d4 $19 {has better winning chances. And now ...Bh6 would win.} 36. Nd2 Bh6) 36. Qd3 $2 {[%mdl 8192]} (36. Qa2 $17) 36... Qa7+ 37. Kh2 Qf2 38. Ng3 (38. Nd2 $142 Qh4+ 39. Kg1) 38... Qf4 39. Kg1 Bf8 {( -> ...Bc5+)} 40. Qf3 Bc5+ 41. Kf1 Qxf3+ 42. gxf3 {[%mdl 4096] Endgame KB-KN} h4 43. Ne2 dxe4 44. fxe4 g5 {[%cal Bg6g5,Bg5g4][%mdl 32] Black mates.} 45. Kg2 g4 46. Nc3 Kg6 47. Nd5 Kg5 48. Nc7 Bb6 49. Nd5 Ba5 50. Kh2 Bd2 51. Ne7 h3 52. Nf5 Kf4 53. Nd6 Kf3 54. Nf5 Bf4+ {Precision: White = 27%, Black = 59%.} 0-1

[Event "I Maxistral Compostela 2018"]
[Site "Santiago Compostela"]
[Date "2018.09.06"]
[Round "2"]
[White "Mareco, Sandro"]
[Black "Medarde Santiago, Luis Marcos"]
[Result "1/2-1/2"]
[WhiteElo "2649"]
[BlackElo "2341"]
[Annotator "TA"]
[PlyCount "65"]
[EventDate "2018.09.05"]
[EventType "tourn"]
[EventCountry "ESP"]
[SourceTitle "playchess.com"]
[Source "ChessBase"]
[SourceQuality "1"]

{[%evp 11,65,27,18,-15,8,10,29,33,25,25,39,9,9,9,89,91,91,91,94,94,94,94,93,94,102,94,83,93,106,108,97,109,112,109,107,106,87,29,30,21,33,33,48,0,59,70,168,158,152,164,180,177,139,0,40,47]} 1. c4 Nf6 2. Nc3 e6 3. e4 d5 4. e5 d4 5. exf6 dxc3 6. bxc3 Qxf6 {LiveBook: 844 Partien. A18: Englische Eröffnung} 7. g3 (7. Bd3 Bd7 8. Nf3 Bc6 9. Be2 Bd6 10. d4 b6 11. O-O O-O 12. Bg5 Qg6 13. Qd2 h6 14. Bf4 {1-0 (54) Caruana,F (2822)-Anand,V (2768) Saint Louis 2018}) 7... Qe5+ $146 (7... e5 {with more complications.} 8. Bg2 Bc5 9. Nf3 O-O 10. O-O Nc6) ({Vorgänger:} 7... Bd7 8. Bg2 Bc6 9. Nf3 Nd7 10. d4 Nb6 11. c5 Na4 12. Qd3 Qg6 13. Qc4 Qe4+ 14. Be3 Nxc5 {1-0 (38) Tomkins,K (2290)-Pupols,V (2250) Seattle 1988}) 8. Be2 Be7 {Die Stellung ist ausgeglichen.} 9. Nf3 Qa5 10. O-O O-O 11. d4 Qxc3 12. Rb1 {Und Tb5 würde nun gewinnen.} Nd7 {[#]} (12... Qa5 $11) 13. Rb5 $1 $16 a6 14. Bb2 $36 {[%mdl 2048] Schwarz muss aufpassen.} Qxf3 15. Bxf3 axb5 16. cxb5 Rxa2 17. Qb3 Ra7 18. Ra1 Rxa1+ 19. Bxa1 Nf6 20. Bc3 Rd8 21. Bb4 Kf8 22. Bxe7+ Kxe7 23. Qc3 Rd7 24. d5 (24. Qc5+ $16 Ke8 25. Qe5) 24... exd5 $11 25. g4 {Mit der Idee g5.} h6 26. h4 Kd8 27. Qc5 d4 ({Lieber} 27... Rd6 $11) 28. g5 $14 hxg5 (28... Ne8 $1 $14) 29. Qxg5 $18 ({Nicht} 29. hxg5 Ne8 $11) 29... d3 30. Qxg7 Ke7 31. Qg5 {[%mdl 1024] [#] Droht De5+ und aus. Weiss hat starke Kompensation.} Rd6 32. Qd2 ({Besser ist} 32. h5 $16) 32... c6 33. bxc6 {Precision: Weiß = 65%, Schwarz = 42%.} 1/2-1/2

[Event "I Maxistral Compostela 2018"]
[Site "Santiago Compostela"]
[Date "2018.09.06"]
[Round "2"]
[White "Peralta, Fernando"]
[Black "Suarez Garcia, Carlos"]
[Result "1-0"]
[WhiteElo "2569"]
[BlackElo "2469"]
[Annotator "TA"]
[PlyCount "49"]
[EventDate "2018.09.05"]
[EventType "tourn"]
[EventCountry "ESP"]
[SourceTitle "playchess.com"]
[Source "ChessBase"]
[SourceQuality "1"]

{[%evp 19,49,42,32,41,44,36,51,50,50,53,105,97,122,113,95,69,157,120,112,113,103,116,462,469,572,447,747,724,714,612,613,613]} 1. d4 d6 2. Nf3 g6 3. c4 Bg7 4. Nc3 c5 5. e3 Bg4 6. Be2 cxd4 7. exd4 Nc6 8. d5 {A35: Symmetrical English: 2 Nc3 Nc6 3 Nf3} Bxf3 9. Bxf3 Bxc3+ (9... Ne5 10. Be2 Rc8 11. Qb3 Qc7 12. O-O a6 13. Be3 h5 14. Bb6 Qb8 15. h3 Nh6 {1-0 (37) Korobov,A (2692)-Onischuk,V (2601) Doha 2016}) 10. bxc3 Ne5 {LiveBook: 3 Games} 11. O-O $146 ({Predecessor:} 11. Be2 Nf6 12. Bh6 Rc8 13. Rb1 b6 14. f4 Nxc4 15. Qa4+ Qd7 {0-1 (40) Renman,N (2368)-Okhotnik,V (2434) Acqui Terme 2017}) 11... Nf6 12. Bh6 Qc7 13. Be2 Rg8 14. Be3 Kf8 ({Black should play} 14... h5 $14) 15. c5 $16 Kg7 16. cxd6 Qxd6 17. c4 e6 (17... b5 $14) 18. f4 Ned7 19. dxe6 Qxe6 20. Bd4 $36 {[%mdl 2048] [#] Threatens to win with Bg4. Black is under strong pressure.} Rge8 $2 {[%mdl 8192]} (20... Rad8 $16 {is tougher.}) 21. Bg4 $1 $18 {[%cal Rg4e6,Be2g4,Bg4d7,Bd7e8][%mdl 32] White is clearly winning.} Qxc4 22. Bxd7 Rad8 (22... Re4 $142) 23. Rc1 Qb4 24. a3 Qd6 25. Bxe8 {Precision: White = 91%, Black = 29%.} 1-0

[Event "I Maxistral Compostela 2018"]
[Site "Santiago Compostela"]
[Date "2018.09.06"]
[Round "2"]
[White "Starostits, Ilmars"]
[Black "Manolache, Marius"]
[Result "1/2-1/2"]
[WhiteElo "2449"]
[BlackElo "2508"]
[Annotator "TA"]
[PlyCount "42"]
[EventDate "2018.09.05"]
[EventType "tourn"]
[EventCountry "ESP"]
[SourceTitle "playchess.com"]
[Source "ChessBase"]
[SourceQuality "1"]

{[%evp 24,42,0,0,3,0,0,0,0,0,0,0,5,0,4,0,0,0,0,0,0]} 1. d4 Nf6 2. Nf3 g6 3. Nc3 d6 4. e4 c6 5. h3 Bg7 6. Be2 O-O 7. O-O Nbd7 8. e5 dxe5 {B08: Pirc Defence: Classical System} 9. dxe5 Nd5 10. Nxd5 cxd5 11. Qxd5 Nxe5 12. Qxd8 Rxd8 13. Nxe5 {LiveBook: 3 Games. The position is equal.} Bxe5 14. c3 Be6 15. Be3 b6 16. Rfd1 {[#]} Kg7 $146 17. f4 Bc7 18. Bf3 Rac8 19. Bb7 Rb8 20. Be4 Rbc8 21. Bb7 Rb8 1/2-1/2

[Event "I Maxistral Compostela 2018"]
[Site "Santiago Compostela"]
[Date "2018.09.06"]
[Round "2"]
[White "Suarez Gomez, Julio"]
[Black "Reinaldo Castineira, Roi"]
[Result "1/2-1/2"]
[WhiteElo "2446"]
[BlackElo "2493"]
[Annotator "TA"]
[PlyCount "36"]
[EventDate "2018.09.05"]
[EventType "tourn"]
[EventCountry "ESP"]
[SourceTitle "playchess.com"]
[Source "ChessBase"]
[SourceQuality "1"]

{[%evp 14,36,16,9,20,19,16,22,18,16,20,0,6,6,5,-8,0,6,0,-1,9,0,22,21,52]} 1. e4 e6 2. d4 d5 3. exd5 exd5 4. Nf3 Nf6 5. Bd3 Bd6 6. O-O O-O 7. h3 h6 8. Nc3 {LiveBook: 15 Games. The position is equal.} Re8 {C01: French: Exchange Variation} (8... c6 9. Ne5 c5 10. Nb5 Be7 11. dxc5 Bxc5 12. Bf4 a6 13. Nc3 Nc6 14. Qd2 d4 15. Ne2 Re8 16. Nxc6 bxc6 {½-½ (37) Fressinet,L (2668)-Bacrot,E (2696) Balagna 2017}) 9. Nb5 Bf8 10. Bf4 Na6 {[%cal Bb8a6,Ba6c7,Bc7d5][%mdl 32]} 11. a3 Ne4 $146 ({Predecessor:} 11... c6 12. Nc3 Nc7 13. Be5 Bd6 14. Re1 Bxe5 15. dxe5 Nd7 16. Qd2 {½-½ (32) Kuzmin,G (2530)-Andrianov,N Krasnoyarsk /Russia) 1980}) 12. c4 c6 13. Nc3 $36 {[%mdl 2048] White is more active.} Nc7 14. Qc2 {[%cal Rc3e4]} Nxc3 $1 15. bxc3 dxc4 16. Bxc4 Nd5 17. Be5 Qa5 18. Rfc1 b5 {Precision: White = 64%, Black = 54%.} 1/2-1/2

[Event "I Maxistral Compostela 2018"]
[Site "Santiago Compostela"]
[Date "2018.09.06"]
[Round "2"]
[White "Suarez Pousa, Diego"]
[Black "Sanchez Aller, Fernando"]
[Result "1/2-1/2"]
[WhiteElo "2412"]
[BlackElo "2344"]
[Annotator "TA"]
[PlyCount "150"]
[EventDate "2018.09.05"]
[EventType "tourn"]
[EventCountry "ESP"]
[SourceTitle "playchess.com"]
[Source "ChessBase"]
[SourceQuality "1"]

{[%evp 22,150,21,29,30,0,8,-31,76,57,53,46,90,83,74,83,91,87,98,94,109,92,104,88,97,89,100,60,114,105,107,118,130,114,145,130,120,122,130,99,98,99,105,93,92,27,27,27,27,20,28,20,31,27,27,8,12,6,22,0,14,17,31,12,23,0,0,0,0,0,0,0,25,0,152,137,137,137,137,137,136,10,10,10,10,8,8,0,10,10,10,10,10,10,10,8,8,0,10,10,133,0,0,0,0,0,0,0,0,0,0,0,0,0,0,0,0,0,0,0,0,0,0,0,0,0,0,0,0,0,0]} 1. e4 e5 2. Nf3 Nc6 3. Bb5 a6 4. Ba4 Nf6 5. O-O b5 6. Bb3 Bc5 7. Nc3 d6 {C77: Ruy Lopez: 3...a6 4 Ba4 Nf6, unusual lines} (7... O-O 8. d3 d6 9. Nd5 h6 10. c3 Rb8 11. Re1 Ba7 12. Be3 Bxe3 13. Nxe3 Re8 14. a4 b4 15. a5 bxc3 16. bxc3 {½-½ (66) Anand,V (2783)-Carlsen,M (2822) Saint Louis 2017}) 8. Nd5 h6 9. c3 O-O 10. d4 Ba7 11. Nxf6+ Qxf6 12. Bd5 {[%cal Bb3d5,Bd5b7,Bb7a6,Ba6b5][%mdl 32] LiveBook: 4 Games} Bd7 {[%cal Re5d4]} 13. Be3 Rad8 14. a4 {[#] Black must now prevent dxe5.} Bb8 $146 (14... exd4 $15 {stays ahead.} 15. cxd4 Nb4) ({Predecessor:} 14... exd4 15. cxd4 {1-0 (29) Jovanovic,Z (2529)-Rusche,J (2263) Schwarzach 2016}) 15. Qe2 Ne7 16. Bb7 Ng6 17. Bxa6 bxa4 18. Bb5 c6 19. Bxa4 Nf4 20. Bxf4 $1 Qxf4 21. Qe3 Qf6 22. Rfd1 exd4 23. cxd4 Rfe8 24. Rdc1 Qg6 ({Black should play} 24... c5 $14) 25. Bxc6 $16 Bxc6 26. Rxc6 Rxe4 27. Qc3 Qh5 28. Rc8 Ree8 29. Rxd8 Rxd8 30. Qa5 Qxa5 31. Rxa5 {[%mdl 4096] Endgame KRB-KRN} Rc8 {( -> ...Rc1+)} 32. g3 Kf8 33. d5 (33. Kf1 $16) 33... Rc4 $11 34. b3 Rb4 35. Nd2 Ke7 36. Kf1 Rb7 37. Ke2 Ba7 38. Ne4 f5 39. Nc3 Bd4 40. Rb5 Rc7 41. Nd1 Rc1 42. Ne3 Kf6 43. Kd3 Bxe3 44. Kxe3 {KR-KR} g5 45. f4 gxf4+ 46. gxf4 Rh1 47. Rb7 Rxh2 $2 (47... Re1+ $11 48. Kd3 Re4) 48. Rd7 $16 Rh3+ 49. Kd4 Rxb3 50. Rxd6+ Kg7 {[#]} 51. Ke5 (51. Re6 $1 $16) 51... h5 $1 $11 52. Kxf5 {And now Kg5 would win.} h4 53. Rd7+ Kh6 54. Rd6+ Kg7 55. Rg6+ Kf7 56. Rh6 h3 57. Rh7+ Kg8 $1 {[%cal Rg8h7]} 58. Rh5 Kf7 59. Ke5 Kg6 60. Rh4 Re3+ (60... Kf7 $11) 61. Kd6 (61. Kd4 $16 Ra3 62. d6) 61... Kf5 {The position is equal.} 62. Kd7 $1 Ke4 63. d6 Kf5 64. Kd8 Ke6 65. d7 {Rh5 is the strong threat.} Kf5 66. Kc7 Rc3+ 67. Kd6 {aiming for Rh5+.} Rd3+ 68. Ke7 Re3+ 69. Kf8 Rd3 70. Ke8 Re3+ 71. Kd8 Rc3 72. Ke7 Re3+ 73. Kd6 {Threatens to win with Rh5+.} Rd3+ 74. Ke7 Re3+ 75. Kf8 Rd3 {Precision: White = 44%, Black = 66%.} 1/2-1/2